| 000 | 00900nam a2200205 i 4500 | ||
|---|---|---|---|
| 001 | 183043 | ||
| 003 | ES-MaACL | ||
| 005 | 20250629054749.0 | ||
| 008 | 140114s2009 sp a | |||||||| | spa d | ||
| 080 | _a821.134.2 Fernández Muriedas, Pío (082.2) | ||
| 100 | 1 |
_aMadariaga de la Campa, Benito. _975296 |
|
| 245 | 1 | 0 |
_aAventuras y desventuras de un trotamundos de la poesía : _brecuerdo y homenaje a Pío Fernández Muriedas / _cBenito Madariaga de la Campa. |
| 260 |
_aSantander : _bConsejería de Cultura, Turismo y Deporte del Gobierno de Cantabria, _c2009. |
||
| 300 |
_a90 p. : _bil. ; _c23 x 24 cm. |
||
| 600 | 1 | 7 |
_aFernández Muriedas, Pío, _d1903-1992 _2 _9154162 |
| 852 |
_aES-MaACL _jA-12981 _9189976 _bR.149768 _cDEPO1 _dOlim: N-5981 _xDonación: Real Academia Española |
||
| 914 |
_96336 _aReal Academia Española _ednr |
||
| 942 |
_2udc _cMONOGRAFIA |
||
| 999 |
_c183043 _d183043 |
||